000 00642nam a22001937a 4500
005 20251108164242.0
008 250721s1975 xx 000 0 ara d
082 1 4 _a211.7/فتح
100 1 _aعامر، فتحي أحمد
245 1 0 _aفكرة النظم بين وجوه إلاعجاز في القرآن الكريم /
264 1 _aالقاهرة :
_bالمجلس إلاهلي للشؤون إلاسلامية،
_c1975.
300 _a303ص.
650 1 7 _aالقرآن الكريم
650 1 7 _aألفاظ القرآن
650 1 7 _aمعاني القرآن
650 1 7 _aأحكام القرآن
942 _2ddc
_cBK
999 _c7498
_d7498